Comuni della Provincia di Lecco - Statistics

Statistiche generali
  • Questo quiz è stato fatto 38 volte
  • Il punteggio medio è 40 su 84
Statistiche sulle risposte
Comune % Corretto
Lecco
100%
Calolziocorte
91%
Colico
86%
Merate
86%
Abbadia Lariana
77%
Ballabio
77%
Mandello del Lario
77%
Olginate
77%
Valmadrera
77%
Varenna
68%
Bellano
64%
Civate
64%
Oggiono
64%
Pescate
64%
Vercurago
64%
Barzio
59%
Brivio
59%
Cernusco Lombardone
59%
Costa Masnaga
59%
Dervio
59%
Montevecchia
59%
Valgreghentino
59%
Airuno
55%
Galbiate
55%
Garlate
55%
Introbio
55%
Santa Maria Hoè
55%
Suello
55%
Annone di Brianza
50%
Calco
50%
Casatenovo
50%
Esino Lario
50%
La Valletta Brianza
50%
Malgrate
50%
Molteno
50%
Morterone
50%
Olgiate Molgora
50%
Osnago
50%
Paderno d'Adda
50%
Robbiate
50%
Cesana Brianza
45%
Imbersago
45%
Monticello Brianza
45%
Primaluna
45%
Barzago
41%
Barzanò
41%
Bosisio Parini
41%
Cassina Valsassina
41%
Castello di Brianza
41%
Colle Brianza
41%
Dolzago
41%
Dorio
41%
Erve
41%
Lierna
41%
Missaglia
41%
Monte Marenzo
41%
Nibionno
41%
Premana
41%
Sirtori
41%
Bulciago
36%
Carenno
36%
Cassago Brianza
36%
Cremeno
36%
Ello
36%
Garbagnate Monastero
36%
Moggio
36%
Rogeno
36%
Lomagna
32%
Margno
32%
Pagnona
32%
Pasturo
32%
Perledo
32%
Valvarrone
32%
Verderio
32%
Viganò
32%
Casargo
27%
Cortenova
27%
Crandola Valsassina
27%
Cremella
27%
Parlasco
27%
Sirone
27%
Sueglio
27%
Taceno
27%
Oliveto Lario.
9%
Nessun quiz corrispondente trovato
Distribuzione punteggi
Percentuale di utenti per punteggio
Percentile per numero di risposta
I tuoi punteggi nel tempo
Non hai fatto questo quiz